Quick and easy Vietnamese cooking / (Record no. 50294)
| 000 -LEADER | |
|---|---|
| fixed length control field | 00412nam a2200133 4500 |
| 020 ## - INTERNATIONAL STANDARD BOOK NUMBER | |
| International Standard Book Number | 9780794606367 |
| 100 ## - MAIN ENTRY--PERSONAL NAME | |
| Personal name | Mingkwan, Chat. |
| 9 (RLIN) | 87306 |
| 245 ## - TITLE STATEMENT | |
| Title | Quick and easy Vietnamese cooking / |
| Statement of responsibility, etc | Chat Mingkwan. |
| 260 ## - PUBLICATION, DISTRIBUTION, ETC. (IMPRINT) | |
| Place of publication, distribution, etc | Singapore: |
| Name of publisher, distributor, etc | Periplus Editions; |
| Date of publication, distribution, etc | 2007. |
| 300 ## - PHYSICAL DESCRIPTION | |
| Extent | 64 p. |
| Other physical details | coloured pictures. |
| Dimensions | 20 cm. |
| 490 ## - SERIES STATEMENT | |
| Series statement | Periplus Mini Cookbooks; |
| 650 ## - SUBJECT ADDED ENTRY--TOPICAL TERM | |
| Topical term or geographic name as entry element | Vietnamese Cooking. |
| 9 (RLIN) | 87307 |
| 942 ## - ADDED ENTRY ELEMENTS (KOHA) | |
| Source of classification or shelving scheme | |
| Koha item type | NON FIC SECTION |
| Withdrawn status | Lost status | Source of classification or shelving scheme | Damaged status | Not for loan | Collection code | Home library | Current library | Date acquired | Total Checkouts | Full call number | Barcode | Checked out | Date last seen | Date checked out | Price effective from | Koha item type |
|---|---|---|---|---|---|---|---|---|---|---|---|---|---|---|---|---|
| Non-Fiction | Asian Hope Secondary Library | Asian Hope Secondary Library | 03/24/2026 | 1 | 641 MIN | 210894 | 05/05/2026 | 04/28/2026 | 04/28/2026 | 03/24/2026 | NON FIC SECTION |